000 01820nam a2200445 a 4500
001 ebr10674947
003 CaPaEBR
006 m u
007 cr cn|||||||||
008 090918s2010 nyu sb 001 0 eng d
010 _z 2009039013
020 _z9781608760404 (hardcover)
020 _z9781616686475 (e-book)
040 _aCaPaEBR
_cCaPaEBR
035 _a(OCoLC)690162730
043 _an-us---
_an-mx---
050 1 4 _aF786
_b.U124 2010eb
082 0 4 _a972/.1
_222
245 0 0 _aU.S. Army on the Mexican border
_h[electronic resource] :
_ba historical perspective /
_cCelio Broggini, editor.
260 _aNew York :
_bNova Science Publishers, Inc.,
_cc2010.
300 _ax, 111 p.
490 1 _aDefense, security and strategy series
504 _aIncludes bibliographical references and index.
533 _aElectronic reproduction.
_bPalo Alto, Calif. :
_cebrary,
_d2013.
_nAvailable via World Wide Web.
_nAccess may be limited to ebrary affiliated libraries.
610 1 0 _aUnited States.
_bArmy
_xHistory.
650 0 _aGeopolitics
_zUnited States
_xHistory.
650 0 _aGeopolitics
_zMexico
_xHistory.
650 0 _aIntervention (International law)
650 0 _aNational security
_zUnited States
_xHistory.
650 0 _aBorder patrols
_zUnited States.
651 0 _aMexican-American Border Region
_xHistory, Military.
651 0 _aMexican-American Border Region
_xHistory.
651 0 _aUnited States
_xForeign relations
_zMexico.
651 0 _aMexico
_xForeign relations
_zUnited States.
655 7 _aElectronic books.
_2local
700 1 _aBroggini, Celio.
710 2 _aebrary, Inc.
830 0 _aDefense, security and strategy series.
856 4 0 _uhttp://site.ebrary.com/lib/rucke/Doc?id=10674947
_zAn electronic book accessible through the World Wide Web; click to view
999 _c163851
_d163851